| 000 | 01349cam a2200325 a 4500 | ||
|---|---|---|---|
| 001 | 13008170 | ||
| 003 | NUST | ||
| 005 | 20230213102910.0 | ||
| 008 | 021121s2002 nyuaf 001 0deng | ||
| 010 | _a 2002042829 | ||
| 020 | _a0743204735 | ||
| 040 |
_aDLC _cDLC _dDLC |
||
| 043 | _an-us--- | ||
| 082 | 0 | 0 | _a973.931,WOO |
| 100 | 1 |
_aWoodward, Bob, _d1943- _9108932 |
|
| 245 | 1 | 0 |
_aBush at war / _cBob Woodward. |
| 260 |
_aNew York : _bSimon & Schuster, _cc2002. |
||
| 300 |
_axix, 376 p., [16] p. of plates : _bill. ; _c25 cm. |
||
| 600 | 1 | 0 |
_aBush, George W. _q(George Walker), _d1946- _xMilitary leadership. _9108933 |
| 600 | 1 | 0 |
_aBush, George W. _q(George Walker), _d1946- _vInterviews. _9108934 |
| 650 | 0 | _aWar on Terrorism, 2001-2009. | |
| 650 | 0 |
_aSeptember 11 Terrorist Attacks, 2001. _911306 |
|
| 650 | 0 |
_aNational security _zUnited States _xDecision making. _9108935 |
|
| 651 | 0 |
_aUnited States _xMilitary policy _xDecision making. _9106356 |
|
| 651 | 0 |
_aUnited States _xOfficials and employees _vInterviews. _9108936 |
|
| 856 | 4 | 2 |
_3Contributor biographical information _uhttp://www.loc.gov/catdir/bios/simon052/2002042829.html |
| 856 | 4 | 2 |
_3Publisher description _uhttp://www.loc.gov/catdir/description/simon031/2002042829.html |
| 856 | 4 | 1 |
_3Sample text _uhttp://www.loc.gov/catdir/enhancements/fy0645/2002042829-s.html |
| 942 |
_2ddc _cBK |
||
| 999 |
_c593234 _d593234 |
||